| 000 | 00486nam a2200193Ia 4500 | ||
|---|---|---|---|
| 008 | 131103s9999 xx 000 0 und d | ||
| 020 | _a718136039 | ||
| 040 | _aLoreto College | ||
| 041 | _aEnglish | ||
| 082 |
_aF/FRA _bLCBED/11571 |
||
| 100 | _aFrancis, Dick | ||
| 245 |
_aWild horses _cDick Francis |
||
| 260 |
_aLondon _bMichael joseph _c1994 |
||
| 300 |
_a282p. _c 20cm. |
||
| 650 | _aEnglish fiction | ||
| 651 | _aEnglish literature | ||
| 850 | _aLCBED/F/FRA | ||
| 942 | _cBK | ||
| 999 |
_c32401 _d82880 |
||